| 000 | 03095nas1a22005531i 4500 | ||
|---|---|---|---|
| 001 | RU\NLR\INFOCOMM29\5000102448 | ||
| 005 | 20241118105714.0 | ||
| 011 | _a1560-4128 | ||
| 035 | _a(NLR Aleph) 003157586 | ||
| 090 |
_a3070600 _c3070600 |
||
| 100 | _a20050201a19969999|||y0rusy50 ca | ||
| 101 | 0 | _arus | |
| 102 | _aRU | ||
| 110 | _aafuzz 0|y| | ||
| 200 | 1 |
_aЭлектромагнитные волны и электронные системы _eЭВ and ЭС _eМеждунар. науч.-теорет. журн. |
|
| 210 |
_aМ. _d1996- |
||
| 311 | _aРанее выходил в сер. "Радиотехника" (ш. П11/644) как: Электромагнитные волны | ||
| 421 | 0 |
_12001#$aКосмическая радиофизика _1852##$aNLR$jП8/1613 _tКосмическая радиофизика |
|
| 430 | 0 |
_12001#$aЭлектромагнитные волны _tЭлектромагнитные волны |
|
| 510 | 1 |
_aElectromagnetic waves and electronic systems _zeng |
|
| 510 | 1 |
_aElectromagnetic waves and electronic _zeng |
|
| 510 | 1 |
_aElektromagnitnye volny i elektronnye sistemy _zint |
|
| 517 | 1 |
_aEW&ES _zeng |
|
| 531 | _aЭВ & ЭС | ||
| 531 | _aЭВ and ЭС | ||
| 801 | 1 |
_aRU _bInfoComm _c20050201 |
|
| 801 | 0 |
_aRU _bNLR _gPSBO |
|
| 801 | 2 |
_aRU _bNLR _c20071207 _2rusmarc |
|
| 852 |
_aNLR _jП11/3893 |
||
| 942 | _cJOURNAL | ||
| 980 | _aRUSPER | ||